عرض عادي
عرض مارك
- Cade, J. F.
مدخل إسم شخص
001 - رقم الضبط
- حقل الضبط: 38895
003 - معرف رقم الضبط
- حقل الضبط: OSt
005 - تاريخ ووقت أخر عملية
- حقل الضبط: 20131102072443.0
008 - عناصر بيانات ثابتة الطول
- حقل تحكم ثابت الطول: 131102|||a|||||| | ||| d
040 ## - مصدر الفهرسة
- هيئة الفهرسة الأصلية: OSt
- وكالة الكتابة: OSt
100 ## - مدخل -- أسم شخص
- إسم شخص: Cade, J. F.
- الشكل الكامل للاسم: (John F.)
670 ## - بيانات المصدر موجوده
- الاستشهاد بالمصدر: Work cat.: (OSt)0: Cade, J. F. (John F.), Acute medicine :, 2011.
